<?xml version="1.0" encoding="UTF-8"?>
<record
    xmlns:xsi="http://www.w3.org/2001/XMLSchema-instance"
    xsi:schemaLocation="http://www.loc.gov/MARC21/slim http://www.loc.gov/standards/marcxml/schema/MARC21slim.xsd"
    xmlns="http://www.loc.gov/MARC21/slim">

  <leader>00999nam a22002657a 4500</leader>
  <controlfield tag="005">20240530111002.0</controlfield>
  <controlfield tag="008">231127s2007    ua ak  f      000 0 ara d</controlfield>
  <datafield tag="017" ind1=" " ind2=" ">
    <subfield code="a">2007/25146</subfield>
    <subfield code="b">&#x645;&#x635;&#x631;. &#x62F;&#x627;&#x631; &#x627;&#x644;&#x643;&#x62A;&#x628;</subfield>
  </datafield>
  <datafield tag="020" ind1=" " ind2=" ">
    <subfield code="a">9789776270220</subfield>
  </datafield>
  <datafield tag="040" ind1=" " ind2=" ">
    <subfield code="a">EG-CaGPL</subfield>
    <subfield code="c">EG-CaGPL</subfield>
  </datafield>
  <datafield tag="082" ind1="4" ind2="0">
    <subfield code="2">21</subfield>
    <subfield code="a">615.8</subfield>
    <subfield code="b">&#x628; &#x623;</subfield>
  </datafield>
  <datafield tag="100" ind1="1" ind2=" ">
    <subfield code="a">&#x628;&#x631;&#x648;&#x62A;&#x648;&#x60C; &#x644;&#x648;&#x64A;&#x633;</subfield>
  </datafield>
  <datafield tag="245" ind1="2" ind2="1">
    <subfield code="a">&#x627;&#x644;&#x627;&#x633;&#x62A;&#x634;&#x641;&#x627;&#x621; &#x627;&#x644;&#x630;&#x627;&#x62A;&#x649; =</subfield>
    <subfield code="b">Self Healing /</subfield>
    <subfield code="c">&#x62A;&#x627;&#x644;&#x64A;&#x641; &#x644;&#x648;&#x64A;&#x633; &#x628;&#x631;&#x648;&#x62A;&#x648; &#x61B; &#x62A;&#x631;&#x62C;&#x645;&#x629; &#x642;&#x633;&#x645; &#x627;&#x644;&#x62A;&#x631;&#x62C;&#x645;&#x629; &#x628;&#x62F;&#x627;&#x631; &#x627;&#x644;&#x641;&#x627;&#x631;&#x648;&#x642;</subfield>
  </datafield>
  <datafield tag="246" ind1="1" ind2="1">
    <subfield code="a">Self Healing</subfield>
  </datafield>
  <datafield tag="250" ind1=" " ind2=" ">
    <subfield code="a">&#x637; 1.</subfield>
  </datafield>
  <datafield tag="260" ind1=" " ind2=" ">
    <subfield code="a">&#x627;&#x644;&#x642;&#x627;&#x647;&#x631;&#x629; : </subfield>
    <subfield code="b">&#x62F;&#x627;&#x631; &#x627;&#x644;&#x641;&#x627;&#x631;&#x648;&#x642; &#x644;&#x644;&#x627;&#x633;&#x62A;&#x62B;&#x645;&#x627;&#x631;&#x627;&#x62A; &#x627;&#x644;&#x62B;&#x642;&#x627;&#x641;&#x64A;&#x629;&#x60C; </subfield>
    <subfield code="c">2007.</subfield>
  </datafield>
  <datafield tag="300" ind1=" " ind2=" ">
    <subfield code="a">182 &#x635;. :</subfield>
    <subfield code="b">&#x627;&#x64A;&#x636; &#x61B;</subfield>
    <subfield code="c">24 &#x633;&#x645;.</subfield>
  </datafield>
  <datafield tag="650" ind1="7" ind2="0">
    <subfield code="2">qrmak</subfield>
    <subfield code="a">&#x627;&#x644;&#x631;&#x639;&#x627;&#x64A;&#x629; &#x627;&#x644;&#x635;&#x62D;&#x64A;&#x629;</subfield>
  </datafield>
  <datafield tag="650" ind1="7" ind2="0">
    <subfield code="2">qrmak</subfield>
    <subfield code="a">&#x627;&#x644;&#x639;&#x644;&#x627;&#x62C;</subfield>
  </datafield>
  <datafield tag="651" ind1=" " ind2=" ">
    <subfield code="2">qrmak</subfield>
  </datafield>
  <datafield tag="653" ind1="0" ind2=" ">
    <subfield code="a">&#x627;&#x644;&#x627;&#x633;&#x62A;&#x634;&#x641;&#x627;&#x621; &#x627;&#x644;&#x630;&#x627;&#x62A;&#x649;</subfield>
  </datafield>
  <datafield tag="710" ind1="0" ind2=" ">
    <subfield code="a">&#x642;&#x633;&#x645; &#x627;&#x644;&#x62A;&#x631;&#x62C;&#x645;&#x629; &#x628;&#x62F;&#x627;&#x631; &#x627;&#x644;&#x641;&#x627;&#x631;&#x648;&#x642;</subfield>
    <subfield code="e">&#x645;&#x62A;&#x631;&#x62C;&#x645;</subfield>
  </datafield>
  <datafield tag="942" ind1=" " ind2=" ">
    <subfield code="2">ddc</subfield>
    <subfield code="c">BK</subfield>
  </datafield>
  <datafield tag="999" ind1=" " ind2=" ">
    <subfield code="c">67198</subfield>
    <subfield code="d">67198</subfield>
  </datafield>
  <datafield tag="952" ind1=" " ind2=" ">
    <subfield code="0">0</subfield>
    <subfield code="1">0</subfield>
    <subfield code="4">0</subfield>
    <subfield code="7">0</subfield>
    <subfield code="a">CAI</subfield>
    <subfield code="b">CAI</subfield>
    <subfield code="c">&#x627;&#x644;&#x639;&#x644;&#x648;&#x645; &#x627;&#x644;&#x62A;&#x637;&#x628;&#x64A;&#x642;&#x64A;&#x629;-&#x639;&#x631;&#x628;&#x649;</subfield>
    <subfield code="d">2023-11-27</subfield>
    <subfield code="l">0</subfield>
    <subfield code="o">615.8 &#x628; &#x623;</subfield>
    <subfield code="p">169251</subfield>
    <subfield code="r">2023-11-27 00:00:00</subfield>
    <subfield code="w">2023-11-27</subfield>
    <subfield code="y">BK</subfield>
  </datafield>
</record>
